Normal view
MARC view
- اللغة العربية - القرآن الكريم - علم الأصوات - لسانيات - الكتابة - الكلمات
Entry Topical Term
001 - CONTROL NUMBER
- control field: 11717
003 - CONTROL NUMBER IDENTIFIER
- control field: JO-AjAnu
005 - DATE AND TIME OF LATEST TRANSACTION
- control field: 20230606072159.0
008 - FIXED-LENGTH DATA ELEMENTS
- fixed length control field: 230606|| aca||aabn | a|a d
040 ## - CATALOGING SOURCE
- Original cataloging agency: JO-AjAnu
- Transcribing agency: JO-AjAnu
150 ## - HEADING--TOPICAL TERM
- Topical term or geographic name entry element: اللغة العربية - القرآن الكريم - علم الأصوات - لسانيات - الكتابة - الكلمات
670 ## - SOURCE DATA FOUND
- Source citation: Work cat.: (JO-AjAnu)6036: تأليف الزيدي، إبتهال, author 11716, علم الأصوات في كتب معاني القرآن